[Event "DVM U20 2020"]
[Site "Willingen GER"]
[Date "2021.06.26"]
[Round "6"]
[White "Gorainow, Nikita"]
[Black "Freiherr von Hauff, Christopher"]
[Result "1/2-1/2"]
[Termination "normal"]
[Board "7.3"]
[WhiteElo "1971"]
[BlackElo "1832"]
[WhiteClock "00:02:43"]
[BlackClock "00:03:32"]
[WhiteTeam "Schachfreunde Essen-Katernberg"]
[BlackTeam "SK Bebenhausen 1992"]
[PlyCount "141"]
[WhiteFideId "12970093"]
[BlackFideId "16200691"]
[EventCountry "GER"]
[EventRounds "7"]
[EventType "team-swiss"]
[EventDate "2021.06.23"]

1. e4 {[%clk 01:30:58]} {[%emt 00:00:02]} e5 {[%clk 01:30:50]} {[%emt
00:00:10]} 2. Nf3 {[%clk 01:31:24]} {[%emt 00:00:03]} Nc6 {[%clk 01:31:14]}
{[%emt 00:00:07]} 3. Bc4 {[%clk 01:31:47]} {[%emt 00:00:07]} Nf6 {[%clk
01:31:36]} {[%emt 00:00:07]} 4. d3 {[%clk 01:32:13]} {[%emt 00:00:04]} d5
{[%clk 01:31:41]} {[%emt 00:00:25]} 5. exd5 {[%clk 01:32:34]} {[%emt 00:00:10]}
Nxd5 {[%clk 01:32:07]} {[%emt 00:00:04]} 6. O-O {[%clk 01:32:49]} {[%emt
00:00:15]} Bc5 {[%clk 01:32:01]} {[%emt 00:00:35]} 7. Re1 {[%clk 01:31:28]}
{[%emt 00:01:51]} O-O {[%clk 01:31:40]} {[%emt 00:00:50]} 8. Nbd2 {[%clk
01:31:23]} {[%emt 00:00:36]} Nb6 {[%clk 01:27:29]} {[%emt 00:04:41]} 9. Bb3
{[%clk 01:31:15]} {[%emt 00:00:39]} Bd6 {[%clk 01:15:04]} {[%emt 00:12:55]} 10.
Nf1 {[%clk 01:20:46]} {[%emt 00:10:59]} a5 {[%clk 01:05:20]} {[%emt 00:10:13]}
11. a3 {[%clk 01:17:00]} {[%emt 00:04:17]} Bg4 {[%clk 01:01:45]} {[%emt
00:04:05]} 12. c3 {[%clk 01:01:58]} {[%emt 00:15:32]} Qf6 {[%clk 00:58:00]}
{[%emt 00:04:15]} 13. Ng3 {[%clk 00:51:40]} {[%emt 00:10:48]} Bxf3 {[%clk
00:56:00]} {[%emt 00:02:29]} 14. Qxf3 {[%clk 00:51:57]} {[%emt 00:00:14]} Qxf3
{[%clk 00:56:24]} {[%emt 00:00:06]} 15. gxf3 {[%clk 00:52:25]} {[%emt
00:00:03]} a4 {[%clk 00:53:06]} {[%emt 00:03:47]} 16. Ba2 {[%clk 00:52:14]}
{[%emt 00:00:40]} Rfe8 {[%clk 00:47:17]} {[%emt 00:06:19]} 17. Be3 {[%clk
00:48:55]} {[%emt 00:03:50]} Nd7 {[%clk 00:45:16]} {[%emt 00:02:31]} 18. Nf5
{[%clk 00:47:46]} {[%emt 00:01:39]} Ne7 {[%clk 00:38:24]} {[%emt 00:07:21]} 19.
Nxe7+ {[%clk 00:41:55]} {[%emt 00:06:22]} Rxe7 {[%clk 00:38:39]} {[%emt
00:00:14]} 20. Bg5 {[%clk 00:40:27]} {[%emt 00:01:58]} Ree8 {[%clk 00:38:49]}
{[%emt 00:00:20]} 21. Re2 {[%clk 00:34:05]} {[%emt 00:06:53]} Nc5 {[%clk
00:37:16]} {[%emt 00:02:03]} 22. Rd1 {[%clk 00:33:56]} {[%emt 00:00:38]} Ne6
{[%clk 00:36:44]} {[%emt 00:01:02]} 23. Bc1 {[%clk 00:29:56]} {[%emt 00:04:30]}
Nf8 {[%clk 00:31:53]} {[%emt 00:05:21]} 24. Rde1 {[%clk 00:29:24]} {[%emt
00:01:03]} Ng6 {[%clk 00:31:42]} {[%emt 00:00:40]} 25. f4 {[%clk 00:23:45]}
{[%emt 00:06:10]} Kf8 {[%clk 00:30:11]} {[%emt 00:02:01]} 26. f5 {[%clk
00:18:52]} {[%emt 00:05:23]} Nh4 {[%clk 00:29:57]} {[%emt 00:00:44]} 27. Bd5
{[%emt 00:00:15]} c6 {[%clk 00:25:24]} {[%emt 00:05:01]} 28. Be4 {[%clk
00:19:33]} {[%emt 00:00:05]} g6 {[%clk 00:24:59]} {[%emt 00:00:55]} 29. fxg6
{[%clk 00:19:30]} {[%emt 00:00:34]} hxg6 {[%clk 00:24:58]} {[%emt 00:00:31]}
30. Bg5 {[%clk 00:13:53]} {[%emt 00:06:07]} Nf5 {[%clk 00:25:11]} {[%emt
00:00:16]} 31. Bxf5 {[%clk 00:13:55]} {[%emt 00:00:28]} gxf5 {[%clk 00:25:35]}
{[%emt 00:00:06]} 32. Bf6 {[%clk 00:14:04]} {[%emt 00:00:21]} Ra5 {[%clk
00:23:09]} {[%emt 00:02:56]} 33. f4 {[%clk 00:08:13]} {[%emt 00:06:22]} e4
{[%clk 00:16:53]} {[%emt 00:06:46]} 34. dxe4 {[%clk 00:07:34]} {[%emt
00:01:09]} Bxf4 {[%clk 00:12:44]} {[%emt 00:04:38]} 35. e5 {[%clk 00:07:23]}
{[%emt 00:00:41]} Rd5 {[%clk 00:08:45]} {[%emt 00:04:29]} 36. Kg2 {[%clk
00:06:59]} {[%emt 00:00:55]} Bh6 {[%clk 00:03:53]} {[%emt 00:05:22]} 37. Rf1
{[%clk 00:04:59]} {[%emt 00:02:30]} f4 {[%clk 00:03:33]} {[%emt 00:00:49]} 38.
Kf3 {[%clk 00:03:39]} {[%emt 00:01:50]} Kg8 {[%clk 00:03:25]} {[%emt 00:00:38]}
39. h4 {[%clk 00:02:35]} {[%emt 00:01:34]} Kh7 {[%clk 00:03:27]} {[%emt
00:00:28]} 40. Rg1 {[%clk 00:02:21]} {[%emt 00:00:44]} Rd3+ {[%clk 00:02:46]}
{[%emt 00:01:11]} 41. Ke4 {[%clk 00:02:09]} {[%emt 00:00:42]} Rh3 {[%clk
00:02:41]} {[%emt 00:00:35]} 42. Rd2 {[%clk 00:00:53]} {[%emt 00:01:47]} Rg3
{[%clk 00:28:55]} {[%emt 00:04:16]} 43. Rxg3 {[%clk 00:16:49]} {[%emt
00:14:34]} fxg3 {[%clk 00:29:16]} {[%emt 00:00:09]} 44. Rg2 {[%clk 00:16:29]}
{[%emt 00:00:49]} Rg8 {[%clk 00:29:22]} {[%emt 00:00:24]} 45. Kf5 {[%clk
00:15:17]} {[%emt 00:01:42]} Be3 {[%clk 00:28:17]} {[%emt 00:01:35]} 46. Bg5
{[%clk 00:12:50]} {[%emt 00:02:58]} Bf2 {[%clk 00:27:07]} {[%emt 00:01:39]} 47.
Bf4 {[%clk 00:09:05]} {[%emt 00:04:15]} Rg7 {[%clk 00:21:44]} {[%emt 00:05:53]}
48. h5 {[%clk 00:08:41]} {[%emt 00:00:55]} Kg8 {[%clk 00:21:00]} {[%emt
00:01:14]} 49. Bg5 {[%clk 00:07:46]} {[%emt 00:01:24]} Kh7 {[%clk 00:19:35]}
{[%emt 00:01:55]} 50. Kf6 {[%clk 00:06:30]} {[%emt 00:01:46]} Kg8 {[%clk
00:17:02]} {[%emt 00:03:04]} 51. Kf5 {[%clk 00:04:48]} {[%emt 00:02:11]} Kh7
{[%clk 00:17:23]} {[%emt 00:00:09]} 52. Bc1 {[%clk 00:02:04]} {[%emt 00:03:15]}
Kg8 {[%clk 00:16:23]} {[%emt 00:01:29]} 53. Bf4 {[%clk 00:01:34]} {[%emt
00:01:01]} Kh7 {[%clk 00:15:56]} {[%emt 00:00:57]} 54. Bg5 {[%clk 00:01:38]}
{[%emt 00:00:25]} Rg8 {[%clk 00:08:55]} {[%emt 00:08:39]} 55. Kf6 {[%clk
00:01:10]} Rg7 {[%clk 00:09:15]} 56. Bc1 {[%clk 00:00:45]} {[%emt 00:01:03]}
Kg8 {[%clk 00:09:12]} {[%emt 00:00:24]} 57. Bg5 {[%clk 00:00:46]} {[%emt
00:00:30]} Kh7 {[%clk 00:09:30]} {[%emt 00:00:12]} 58. Kf5 {[%clk 00:00:42]}
{[%emt 00:00:34]} Kg8 {[%clk 00:06:44]} {[%emt 00:03:15]} 59. Bf6 {[%clk
00:00:49]} {[%emt 00:00:23]} Rh7 {[%clk 00:07:00]} {[%emt 00:00:15]} 60. Kg5
{[%clk 00:00:41]} {[%emt 00:00:38]} Kf8 {[%clk 00:05:12]} {[%emt 00:02:18]} 61.
h6 {[%clk 00:00:44]} {[%emt 00:00:27]} Kg8 {[%clk 00:02:55]} {[%emt 00:02:46]}
62. Bg7 {[%clk 00:00:58]} {[%emt 00:00:16]} Be3+ {[%clk 00:02:55]} {[%emt
00:00:30]} 63. Kh5 {[%clk 00:00:47]} {[%emt 00:00:37]} Bf2 {[%clk 00:03:16]}
{[%emt 00:00:13]} 64. Kg4 {[%clk 00:01:09]} {[%emt 00:00:08]} Rxg7+ {[%clk
00:02:10]} {[%emt 00:01:37]} 65. hxg7 {[%clk 00:01:34]} {[%emt 00:00:05]} Kxg7
{[%clk 00:02:39]} {[%emt 00:00:01]} 66. Kf5 {[%clk 00:01:54]} {[%emt 00:00:10]}
Kf8 {[%clk 00:02:42]} {[%emt 00:00:27]} 67. Kf6 {[%clk 00:02:01]} {[%emt
00:00:22]} Ke8 {[%clk 00:02:33]} {[%emt 00:00:39]} 68. e6 {[%clk 00:02:18]}
{[%emt 00:00:13]} fxe6 {[%clk 00:03:00]} {[%emt 00:00:04]} 69. Kxe6 {[%clk
00:02:44]} {[%emt 00:00:04]} Kd8 {[%clk 00:03:11]} {[%emt 00:00:19]} 70. Kd6
{[%clk 00:02:43]} {[%emt 00:00:29]} Kc8 {[%clk 00:03:32]} {[%emt 00:00:10]} 71.
c4 {[%emt 00:05:00]} 1/2-1/2

[Event "DVM U20 2020"]
[Site "Willingen GER"]
[Date "2021.06.26"]
[Round "6"]
[White "Kasüschke, Lars"]
[Black "Struck, Lasse"]
[Result "1-0"]
[Termination "normal"]
[Board "7.4"]
[WhiteElo "1960"]
[BlackElo "1751"]
[WhiteClock "00:08:31"]
[BlackClock "00:04:50"]
[WhiteTeam "SK Bebenhausen 1992"]
[BlackTeam "Schachfreunde Essen-Katernberg"]
[PlyCount "73"]
[WhiteFideId "12939510"]
[BlackFideId "16255623"]
[EventCountry "GER"]
[EventRounds "7"]
[EventType "team-swiss"]
[EventDate "2021.06.23"]

1. e4 {[%clk 01:30:25]} {[%emt 00:00:34]} c5 {[%clk 01:30:53]} {[%emt
00:00:07]} 2. Nf3 {[%clk 01:30:35]} {[%emt 00:00:19]} e6 {[%clk 01:31:15]}
{[%emt 00:00:10]} 3. b3 {[%clk 01:30:49]} {[%emt 00:00:16]} b6 {[%clk
01:30:58]} {[%emt 00:00:46]} 4. Bd3 {[%clk 01:30:52]} {[%emt 00:00:27]} Bb7
{[%clk 01:29:53]} {[%emt 00:01:35]} 5. O-O {[%clk 01:31:10]} {[%emt 00:00:11]}
Nc6 {[%clk 01:29:24]} {[%emt 00:01:00]} 6. Re1 {[%clk 01:31:06]} {[%emt
00:00:34]} Nf6 {[%clk 01:24:48]} {[%emt 00:05:06]} 7. e5 {[%clk 01:27:36]}
{[%emt 00:04:00]} Nd5 {[%clk 01:24:29]} {[%emt 00:00:49]} 8. Be4 {[%clk
01:27:29]} {[%emt 00:00:37]} Be7 {[%clk 01:12:38]} {[%emt 00:12:21]} 9. Bb2
{[%clk 01:22:36]} {[%emt 00:05:23]} g5 {[%clk 01:05:32]} {[%emt 00:07:36]} 10.
c4 {[%clk 01:13:28]} {[%emt 00:09:37]} Nf4 {[%clk 01:01:55]} {[%emt 00:04:08]}
11. d4 {[%clk 01:10:28]} {[%emt 00:03:31]} g4 {[%clk 00:56:11]} {[%emt
00:06:14]} 12. d5 {[%clk 01:03:27]} {[%emt 00:07:30]} gxf3 {[%clk 00:42:40]}
{[%emt 00:14:01]} 13. Qxf3 {[%clk 00:56:24]} {[%emt 00:07:33]} f5 {[%clk
00:36:48]} {[%emt 00:06:22]} 14. exf6 {[%clk 00:48:06]} {[%emt 00:08:48]} Bxf6
{[%clk 00:30:44]} {[%emt 00:06:34]} 15. dxc6 {[%clk 00:46:42]} {[%emt
00:01:54]} Bxc6 {[%clk 00:23:47]} {[%emt 00:07:27]} 16. Bxc6 {[%clk 00:43:13]}
{[%emt 00:03:59]} Bxb2 {[%clk 00:21:53]} {[%emt 00:02:23]} 17. Qxf4 {[%clk
00:42:17]} {[%emt 00:01:26]} dxc6 {[%clk 00:21:44]} {[%emt 00:00:41]} 18. Rxe6+
{[%clk 00:41:55]} {[%emt 00:00:52]} Kd7 {[%clk 00:18:54]} {[%emt 00:03:19]} 19.
Rd6+ {[%clk 00:34:26]} {[%emt 00:07:58]} Kc8 {[%clk 00:18:52]} {[%emt
00:00:33]} 20. Rxd8+ {[%clk 00:32:31]} {[%emt 00:02:25]} Rxd8 {[%clk 00:19:18]}
{[%emt 00:00:04]} 21. Nd2 {[%clk 00:32:44]} {[%emt 00:00:17]} Bxa1 {[%clk
00:19:28]} {[%emt 00:00:21]} 22. g3 {[%clk 00:32:47]} {[%emt 00:00:26]} Rd7
{[%clk 00:17:27]} {[%emt 00:02:30]} 23. Qf5 {[%clk 00:31:23]} {[%emt 00:01:53]}
Kc7 {[%clk 00:17:27]} {[%emt 00:00:33]} 24. Ne4 {[%clk 00:31:34]} {[%emt
00:00:17]} Re8 {[%clk 00:16:21]} {[%emt 00:01:36]} 25. Kg2 {[%clk 00:27:04]}
{[%emt 00:05:00]} Ree7 {[%clk 00:16:04]} {[%emt 00:00:48]} 26. Qf4+ {[%clk
00:22:21]} {[%emt 00:05:11]} Kb7 {[%clk 00:15:22]} {[%emt 00:01:14]} 27. Nd6+
{[%clk 00:17:26]} {[%emt 00:05:24]} Ka6 {[%clk 00:15:02]} {[%emt 00:00:51]} 28.
Qf8 {[%clk 00:15:10]} {[%emt 00:02:44]} Be5 {[%clk 00:14:06]} {[%emt 00:01:27]}
29. Qc8+ {[%clk 00:15:07]} {[%emt 00:00:32]} Ka5 {[%clk 00:14:26]} {[%emt
00:00:13]} 30. Qxc6 {[%clk 00:15:12]} {[%emt 00:00:24]} Kb4 {[%clk 00:13:57]}
{[%emt 00:00:59]} 31. Nf5 {[%clk 00:13:49]} {[%emt 00:01:53]} Rf7 {[%clk
00:13:53]} {[%emt 00:00:34]} 32. Qe4 {[%clk 00:11:34]} {[%emt 00:02:43]} Bd4
{[%clk 00:13:22]} {[%emt 00:01:03]} 33. g4 {[%clk 00:10:30]} {[%emt 00:01:34]}
Ka3 {[%clk 00:12:36]} {[%emt 00:01:17]} 34. Qe2 {[%clk 00:10:04]} {[%emt
00:00:54]} Bc3 {[%clk 00:10:46]} {[%emt 00:02:21]} 35. Qc2 {[%clk 00:09:20]}
{[%emt 00:01:13]} Bb2 {[%clk 00:08:14]} {[%emt 00:03:03]} 36. Ne3 {[%clk
00:08:35]} {[%emt 00:01:14]} Bd4 {[%clk 00:04:50]} {[%emt 00:03:55]} 37. b4
{[%clk 00:08:31]} {[%emt 00:00:34]} 1-0

[Event "DVM U20 2020"]
[Site "Willingen GER"]
[Date "2021.06.26"]
[Round "6"]
[White "Gallas, Noel"]
[Black "Omert, Oliver"]
[Result "1/2-1/2"]
[Termination "normal"]
[Board "7.5"]
[WhiteElo "1886"]
[BlackElo "1897"]
[WhiteClock "00:00:45"]
[BlackClock "00:02:52"]
[WhiteTeam "Schachfreunde Essen-Katernberg"]
[BlackTeam "SK Bebenhausen 1992"]
[PlyCount "133"]
[WhiteFideId "16216059"]
[BlackFideId "16261208"]
[EventCountry "GER"]
[EventRounds "7"]
[EventType "team-swiss"]
[EventDate "2021.06.23"]

1. e4 {[%clk 01:30:58]} {[%emt 00:00:02]} c6 {[%clk 01:30:55]} {[%emt
00:00:06]} 2. c4 {[%clk 01:30:59]} {[%emt 00:00:29]} d5 {[%clk 01:31:20]}
{[%emt 00:00:04]} 3. cxd5 {[%clk 01:31:05]} {[%emt 00:00:24]} cxd5 {[%clk
01:31:43]} {[%emt 00:00:08]} 4. exd5 {[%clk 01:31:32]} {[%emt 00:00:03]} Nf6
{[%clk 01:32:04]} {[%emt 00:00:09]} 5. Bb5+ {[%clk 01:31:22]} {[%emt 00:00:40]}
Nbd7 {[%clk 01:31:16]} {[%emt 00:01:17]} 6. Nc3 {[%clk 01:29:38]} {[%emt
00:02:15]} a6 {[%clk 01:22:42]} {[%emt 00:09:03]} 7. Be2 {[%clk 01:29:25]}
{[%emt 00:00:43]} Nb6 {[%clk 01:19:03]} {[%emt 00:04:09]} 8. Nf3 {[%clk
01:29:25]} {[%emt 00:00:31]} Nbxd5 {[%clk 01:19:00]} {[%emt 00:00:33]} 9. d4
{[%clk 01:29:23]} {[%emt 00:00:31]} e6 {[%clk 01:17:39]} {[%emt 00:01:50]} 10.
Ne5 {[%clk 01:18:32]} {[%emt 00:11:22]} Be7 {[%clk 01:10:23]} {[%emt 00:07:46]}
11. O-O {[%clk 01:17:40]} {[%emt 00:01:21]} O-O {[%clk 01:10:27]} {[%emt
00:00:27]} 12. Bf3 {[%clk 01:15:28]} {[%emt 00:02:42]} Bd7 {[%clk 01:03:21]}
{[%emt 00:07:35]} 13. Qe2 {[%clk 01:07:17]} {[%emt 00:08:43]} Bc6 {[%clk
00:58:12]} {[%emt 00:05:38]} 14. Nxc6 {[%clk 00:56:21]} {[%emt 00:11:26]} bxc6
{[%clk 00:58:35]} {[%emt 00:00:07]} 15. Qc4 {[%clk 00:49:58]} {[%emt 00:06:53]}
Qb6 {[%clk 00:45:35]} {[%emt 00:13:30]} 16. b3 {[%clk 00:39:46]} {[%emt
00:10:42]} Rfd8 {[%clk 00:34:54]} {[%emt 00:11:11]} 17. Bb2 {[%clk 00:32:32]}
{[%emt 00:07:44]} Ne8 {[%clk 00:30:05]} {[%emt 00:05:19]} 18. Na4 {[%clk
00:24:25]} {[%emt 00:08:37]} Qa7 {[%clk 00:13:41]} {[%emt 00:16:54]} 19. Rac1
{[%clk 00:17:24]} {[%emt 00:07:31]} Rac8 {[%clk 00:09:26]} {[%emt 00:04:45]}
20. Rfd1 {[%clk 00:03:51]} {[%emt 00:14:03]} Nef6 {[%clk 00:09:34]} {[%emt
00:00:22]} 21. Qe2 {[%clk 00:02:55]} {[%emt 00:01:24]} Bf8 {[%clk 00:08:11]}
{[%emt 00:01:55]} 22. h3 {[%clk 00:03:03]} {[%emt 00:00:22]} h6 {[%clk
00:08:36]} {[%emt 00:00:05]} 23. Rc4 {[%clk 00:02:16]} {[%emt 00:01:17]} Nf4
{[%clk 00:03:33]} {[%emt 00:05:34]} 24. Qc2 {[%clk 00:01:39]} {[%emt 00:01:05]}
N6d5 {[%clk 00:03:47]} {[%emt 00:00:16]} 25. a3 {[%clk 00:01:15]} {[%emt
00:00:55]} Qd7 {[%clk 00:03:17]} {[%emt 00:00:59]} 26. Kh2 {[%clk 00:01:01]}
{[%emt 00:00:46]} Qe7 {[%clk 00:03:11]} {[%emt 00:00:35]} 27. g3 {[%clk
00:01:05]} {[%emt 00:00:27]} Qf6 {[%clk 00:02:58]} {[%emt 00:00:42]} 28. Bg2
{[%clk 00:00:40]} {[%emt 00:00:55]} Nxg2 {[%clk 00:02:07]} {[%emt 00:01:22]}
29. Kxg2 {[%clk 00:01:09]} h5 {[%clk 00:01:56]} {[%emt 00:00:41]} 30. h4 {[%clk
00:01:20]} {[%emt 00:00:19]} g5 {[%clk 00:01:59]} {[%emt 00:00:27]} 31. hxg5
{[%clk 00:01:03]} {[%emt 00:00:48]} Qxg5 {[%clk 00:02:21]} {[%emt 00:00:08]}
32. Bc1 {[%clk 00:01:19]} {[%emt 00:00:13]} Qg4 {[%clk 00:02:14]} {[%emt
00:00:37]} 33. Rh1 {[%clk 00:01:06]} {[%emt 00:00:44]} Be7 {[%clk 00:01:59]}
{[%emt 00:00:44]} 34. f3 {[%clk 00:00:57]} {[%emt 00:00:39]} Qg6 {[%clk
00:02:00]} {[%emt 00:00:29]} 35. Qxg6+ {[%clk 00:00:52]} {[%emt 00:00:36]} fxg6
{[%clk 00:02:28]} {[%emt 00:00:01]} 36. Re1 {[%clk 00:01:06]} {[%emt 00:00:16]}
Kf7 {[%clk 00:02:42]} {[%emt 00:00:17]} 37. b4 {[%clk 00:01:01]} {[%emt
00:00:34]} Rh8 {[%clk 00:01:51]} {[%emt 00:01:21]} 38. Rh1 {[%clk 00:01:01]}
{[%emt 00:00:31]} h4 {[%clk 00:01:46]} {[%emt 00:00:34]} 39. gxh4 {[%clk
00:00:54]} {[%emt 00:00:37]} Rh5 {[%clk 00:01:26]} {[%emt 00:00:50]} 40. Nc5
{[%clk 00:00:45]} {[%emt 00:00:39]} Bxc5 {[%clk 00:01:00]} {[%emt 00:00:57]}
41. Rxc5 {[%clk 00:28:20]} {[%emt 00:02:55]} Ke7 {[%clk 00:21:55]} {[%emt
00:09:35]} 42. Bg5+ {[%clk 00:25:24]} {[%emt 00:03:25]} Kd7 {[%clk 00:22:23]}
{[%emt 00:00:02]} 43. Rhc1 {[%clk 00:23:44]} {[%emt 00:02:10]} Kd6 {[%clk
00:19:26]} {[%emt 00:03:27]} 44. Kg3 {[%clk 00:22:15]} {[%emt 00:01:59]} Rh7
{[%clk 00:18:44]} {[%emt 00:01:12]} 45. Bd2 {[%clk 00:15:11]} {[%emt 00:07:26]}
Rb7 {[%clk 00:16:13]} {[%emt 00:03:09]} 46. Rb1 {[%clk 00:07:00]} {[%emt
00:08:40]} Rf8 {[%clk 00:10:46]} {[%emt 00:05:57]} 47. Rbc1 {[%clk 00:05:16]}
{[%emt 00:02:14]} Rc8 {[%clk 00:11:15]} {[%emt 00:00:02]} 48. Bf4+ {[%clk
00:04:31]} {[%emt 00:01:15]} Kd7 {[%clk 00:11:31]} {[%emt 00:00:14]} 49. Bg5
{[%clk 00:04:26]} {[%emt 00:00:36]} Kd6 {[%clk 00:10:49]} {[%emt 00:01:12]} 50.
Kg4 {[%clk 00:04:22]} {[%emt 00:00:34]} Rf7 {[%clk 00:09:04]} {[%emt 00:02:14]}
51. Ra5 {[%clk 00:03:45]} {[%emt 00:01:07]} Ra8 {[%clk 00:09:14]} {[%emt
00:00:20]} 52. Rb1 {[%clk 00:02:55]} {[%emt 00:01:16]} Rb7 {[%clk 00:09:18]}
{[%emt 00:00:30]} 53. Bd2 {[%emt 00:05:55]} Raa7 {[%clk 00:02:38]} {[%emt
00:01:50]} 54. Bf4+ {[%clk 00:01:19]} {[%emt 00:02:01]} Kd7 {[%clk 00:02:43]}
{[%emt 00:00:26]} 55. Rc5 {[%clk 00:00:52]} {[%emt 00:00:57]} Ra8 {[%clk
00:03:01]} {[%emt 00:00:12]} 56. Bd2 {[%clk 00:00:49]} {[%emt 00:00:32]} Rf8
{[%clk 00:02:35]} {[%emt 00:00:56]} 57. Kg3 {[%clk 00:00:47]} {[%emt 00:00:32]}
Rc8 {[%clk 00:02:12]} {[%emt 00:00:53]} 58. Ra5 {[%clk 00:00:56]} {[%emt
00:00:21]} Ra8 {[%clk 00:02:36]} {[%emt 00:00:06]} 59. a4 {[%clk 00:01:00]}
{[%emt 00:00:26]} Raa7 {[%clk 00:02:10]} {[%emt 00:00:56]} 60. b5 {[%clk
00:01:04]} {[%emt 00:00:26]} cxb5 {[%clk 00:02:18]} {[%emt 00:00:23]} 61. axb5
{[%clk 00:01:05]} {[%emt 00:00:28]} axb5 {[%clk 00:02:28]} {[%emt 00:00:20]}
62. Rbxb5 {[%clk 00:01:11]} {[%emt 00:00:25]} Ke7 {[%clk 00:02:00]} {[%emt
00:00:57]} 63. Bg5+ {[%clk 00:01:04]} {[%emt 00:00:38]} Kf7 {[%clk 00:02:16]}
{[%emt 00:00:14]} 64. Kg4 {[%clk 00:00:50]} {[%emt 00:00:44]} Rd7 {[%clk
00:02:05]} {[%emt 00:00:41]} 65. Rxa7 {[%clk 00:00:47]} {[%emt 00:00:33]} Rxa7
{[%clk 00:02:30]} {[%emt 00:00:04]} 66. Rb3 {[%clk 00:00:50]} {[%emt 00:00:25]}
Rd7 {[%clk 00:02:52]} {[%emt 00:00:10]} 67. Ra3 {[%clk 00:00:45]} {[%emt
00:00:35]} 1/2-1/2